| 000 | 00644nam a22001937a 4500 | ||
|---|---|---|---|
| 003 | OSt | ||
| 005 | 20180116183028.0 | ||
| 008 | 151216b xxu||||| |||| 00| 0 eng d | ||
| 020 | _a02-606-98-1 | ||
| 024 | _202-606-98-1 | ||
| 040 | _cLahore LUMS Lahore University of Management Sciences 174.4 LUM | ||
| 082 | _a 174.4 LUM1998 | ||
| 100 | _aFarooq A, Sipra N | ||
| 245 |
_aENGRO CHEMICALS PAKISTAN LIMITED – DIVIDEND POLICY _cFarooq A, Sipra N |
||
| 260 |
_aLahore LUMS _b Lahore University of Management Sciences _c1998 |
||
| 300 |
_a13 p. _bPapers |
||
| 440 | _aENGRO CHEMICALS PAKISTAN LIMITED – DIVIDEND POLICY | ||
| 942 |
_2ddc _cCS |
||
| 999 |
_c350909 _d350909 |
||